Les plus grandes villes musulmanes - Statistiques

Statistiques générales
  • Ce quiz a été pris 18 756 fois
    14 494 depuis la dernière actualisation
  • Le résultat moyen est 12 sur 26
Statistiques - réponses
Population Ville % Correct
3,90 mil Alger
89%
20,5 mil Le Caire
82%
15,8 mil Istanbul
77%
30,6 mil Jakarta
71%
7,75 mil Riyad
67%
15,0 mil Téhéran
67%
6,85 mil Bagdad
65%
4,43 mil Casablanca
63%
4,90 mil Dubaï
62%
4,98 mil Ankara
58%
19,5 mil Dacca
58%
3,75 mil Damas
56%
4,15 mil Kaboul
48%
5,70 mil Alexandrie
45%
17,3 mil Karachi
40%
3,60 mil Dakar
38%
6,15 mil Khartoum
34%
5,45 mil Amman
33%
4,68 mil Koweït
27%
12,6 mil Lahore
25%
4,78 mil Djeddah
17%
6,85 mil Bandung
12%
6,00 mil Surabaya
10%
4,83 mil Chittagong
7%
4,55 mil Kano
7%
3,95 mil Medan
5%
Aucun quiz correspondant
Distribution des résultats
% des personnes avec chaque résultat
Percentile par nombre de réponses
Votre historique - résultats
Vous n’avez pas pris ce quiz depuis la dernière actualisation